[Event "GRE-chT U16 9th"]
[Site "Thessaloniki"]
[Date "2016.12.18"]
[Round "6.3"]
[White "Iliopoulos, Dimitris"]
[Black "Krallis, Christos"]
[Result "0-1"]
[WhiteElo "1351"]
[BlackElo "1932"]
[PlyCount "64"]
[EventDate "2016.12.15"]
[EventType "team-swiss"]
[EventRounds "6"]
[EventCountry "GRE"]
[SourceTitle "CBM 176 Extra"]
[Source "ChessBase"]
[SourceDate "2017.03.02"]
[SourceVersion "1"]
[SourceVersionDate "2017.03.02"]
[SourceQuality "1"]
[WhiteTeam "Kavalas"]
[BlackTeam "Nikaia Fysiolatris"]
[WhiteTeamCountry "GRE"]
[BlackTeamCountry "GRE"]

1. e4 c5 2. Nf3 g6 3. d4 cxd4 4. Nxd4 Bg7 5. c4 Nc6 6. Nxc6 bxc6 7. Be2 Nf6 8. Nc3 0-0 9. 0-0 d6 10. Be3 a5 11. h3 a4 12. Rb1 Qa5 13. Qd2 Be6 14. Rfc1 Rfb8 15. Bd3 Nd7 16. Nd1 Qxd2 17. Bxd2 Nc5 18. Be2 Nxe4 19. Bc3 Bxc3 20. Nxc3 Nd2 21. Ra1 Rxb2 22. Nd1 Rb4 23. Ne3 f5 24. g3 Rab8 25. Bd3 a3 26. Kg2 Ne4 27. Nd1 d5 28. cxd5 Bxd5 29. Kg1 Ng5 30. h4 Nf3+ 31. Kf1 Rb2 32. Bc2 Bc4+ 0-1

[Event "GRE-chT 44th"]
[Site "Achaia"]
[Date "2016.07.07"]
[Round "4.2"]
[White "Iliopoulos, Dimitris"]
[Black "Patrelakis, Evaggelos"]
[Result "0-1"]
[WhiteElo "1334"]
[BlackElo "1836"]
[PlyCount "86"]
[EventDate "2016.07.05"]
[EventType "team-swiss"]
[EventRounds "7"]
[EventCountry "GRE"]
[SourceTitle "CBM 173 Extra"]
[Source "ChessBase"]
[SourceDate "2016.08.29"]
[SourceVersion "1"]
[SourceVersionDate "2016.08.29"]
[SourceQuality "1"]
[WhiteTeam "Kavalas SO"]
[BlackTeam "Chania Chess Academy"]
[WhiteTeamCountry "GRE"]
[BlackTeamCountry "GRE"]

1. e4 c5 2. Nf3 e6 3. c4 Nc6 4. Nc3 Nf6 5. Be2 d5 6. d3 dxe4 7. dxe4 Qxd1+ 8. Bxd1 Bd6 9. Bc2 Bd7 10. h3 Rd8 11. Be3 b6 12. 0-0 0-0 13. Rad1 Bb8 14. Bb1 h6 15. Rfe1 Bc8 16. Bc2 Bb7 17. Bb1 Ne5 18. Nxe5 Bxe5 19. f3 Ba6 20. Bd3 Rd7 21. Rd2 Rfd8 22. Red1 Bxc3 23. bxc3 e5 24. Kf2 Ne8 25. f4 f6 26. Kf3 Kf7 27. g3 Ke7 28. a3 Nd6 29. fxe5 fxe5 30. Be2 Bxc4 31. Bxc4 Nxc4 32. Rxd7+ Rxd7 33. Rxd7+ Kxd7 34. Bc1 b5 35. Be3 Nxe3 36. Kxe3 g5 37. g4 a5 38. c4 Kc6 39. a4 bxa4 40. Kd2 a3 41. Kc2 a4 42. Kb1 Kb6 43. Ka2 Ka6 0-1

[Event "GRE-chT 44th"]
[Site "Achaia"]
[Date "2016.07.06"]
[Round "3.4"]
[White "Basinas, Konstantinos"]
[Black "Iliopoulos, Dimitris"]
[Result "1/2-1/2"]
[WhiteElo "1300"]
[BlackElo "1334"]
[PlyCount "111"]
[EventDate "2016.07.05"]
[EventType "team-swiss"]
[EventRounds "7"]
[EventCountry "GRE"]
[SourceTitle "CBM 173 Extra"]
[Source "ChessBase"]
[SourceDate "2016.08.29"]
[SourceVersion "1"]
[SourceVersionDate "2016.08.29"]
[SourceQuality "1"]
[WhiteTeam "Glyfadas Zenon"]
[BlackTeam "Kavalas SO"]
[WhiteTeamCountry "GRE"]
[BlackTeamCountry "GRE"]

1. e4 e5 2. Nf3 Nc6 3. d4 exd4 4. c3 d6 5. cxd4 Nf6 6. Nc3 Be7 7. Bc4 h6 8. Bb5 0-0 9. 0-0 Bg4 10. Be3 a6 11. Be2 Re8 12. a3 Bf8 13. Qc2 Rc8 14. h3 Bh5 15. g4 Bg6 16. Bd3 Qd7 17. Kh2 Be7 18. Nd2 b5 19. b4 Nh7 20. f4 Nf6 21. Rg1 Bf8 22. Nb3 Qe7 23. f5 Bh7 24. g5 hxg5 25. Bxg5 Nxd4 26. Nxd4 Qe5+ 27. Kh1 Qxd4 28. Rad1 Qe5 29. Bxf6 Qxf6 30. Nd5 Qd8 31. Qc3 Re5 32. Qd2 Bxf5 33. exf5 Rxd5 34. Qh6 Qe8 35. Rxg7+ Bxg7 36. Rg1 Kf8 37. Qxg7+ Ke7 38. Re1+ Re5 39. Rxe5+ dxe5 40. Qxe5+ Kd8 41. Qd4+ Qd7 42. Qh8+ Ke7 43. Qe5+ Kd8 44. Qh8+ Qe8 45. Qd4+ Ke7 46. f6+ Ke6 47. Be2 Qc6+ 48. Kg1 Rg8+ 49. Bg4+ Rxg4+ 50. Qxg4+ Kxf6 51. Qf4+ Kg6 52. Qg4+ Kf6 53. Qh4+ Kg6 54. Qg4+ Kf6 55. Qh4+ Kg6 56. Qg4+ 1/2-1/2